000
00304nam a2200121Ia 4500
005
20251222144626.0
008
251222s9999||||xx |||||||||||||| ||spa||
020
_a
84-600-2592-6
082
_a
333/U61
245
0
_a
La Propiedad de la Tierra en EspaƱa
264
_b
Universidad de Alicante
942
_c
LIB
999
_c
16144
_d
16144